[Event "AUTO-INT-1277"]
[Site "http://www.queenalice.com/game.php?id=574298"]
[Date "2009.4.19"]
[Round "1"]
[White "jazz28"]
[Black "mp3"]
[Result "1-0"]
[WhiteElo "1672"]
[BlackElo "1473"]

1. e4 Nf6 2. Nc3 e5 3. Nf3 Bd6 4. Bc4 h6 5. d3 c6 6. d4 b5 7. dxe5 Nxe4 8. Nxe4
Be7 9. Bd3 Ba6 10. O-O d5 11. Ng3 Bh4 12. Nf5 g5 13. Nd6+ Kf8 14. b3 Nd7 15.
Nxh4 gxh4 16. Qh5 Qe7 17. Bxh6+ Kg8 18. Bg6 Qxe5 19. Bxf7+ Kh7 20. Qg6# 1-0

[Event "AUTO-INT-1277"]
[Site "http://www.queenalice.com/game.php?id=574299"]
[Date "2009.4.19"]
[Round "1"]
[White "mp3"]
[Black "jazz28"]
[Result "1-0"]
[WhiteElo "1459"]
[BlackElo "1600"]

1. e4 c5 2. Nf3 e6 3. Bb5 a6 4. Bd3 g6 5. c4 Bg7 6. O-O d6 7. a3 Nf6 8. b4 Nxe4
9. Ra2 Nf6 10. Bb2 Nbd7 11. Nc3 O-O 12. Qa1 Qb6 13. h3 cxb4 14. axb4 Qxb4 15.
Ba3 Qb6 16. Rb2 Qc7 17. Ne4 Nxe4 18. Bxe4 Re8 19. d4 Qxc4 20. Bxd6 1-0

[Event "AUTO-INT-1277"]
[Site "http://www.queenalice.com/game.php?id=574301"]
[Date "2009.4.19"]
[Round "1"]
[White "klebercas"]
[Black "jazz28"]
[Result "1-0"]
[WhiteElo "1463"]
[BlackElo "1477"]

1. e4 c5 2. Bc4 e6 3. Nc3 Nc6 4. Nf3 d6 5. d4 cxd4 6. Nxd4 Nf6 7. f3 a6 8. Be3
d5 9. exd5 exd5 10. Bd3 Bd6 11. g3 1-0

[Event "AUTO-INT-1283"]
[Site "http://www.queenalice.com/game.php?id=576715"]
[Date "2009.4.24"]
[Round "1"]
[White "pepe41"]
[Black "jazz28"]
[Result "1-0"]
[WhiteElo "1444"]
[BlackElo "1675"]

1. d4 Nf6 2. c4 d5 3. Nc3 e6 4. e3 Nc6 5. Nf3 Be7 6. cxd5 exd5 7. Bb5 O-O 8.
Bxc6 bxc6 9. O-O c5 10. Re1 Bb7 11. b3 Rc8 12. Ba3 cxd4 13. Bxe7 Qxe7 14. exd4
Ne4 15. Rc1 c5 16. dxc5 Rxc5 17. Qd4 Nxc3 18. Rxe7 Ne2+ 19. Rxe2 Rxc1+ 20. Re1
Rc2 21. h3 Rxa2 22. Ra1 Rc2 23. Rxa7 Ba8 24. Ng5 f6 25. Rxa8 Rxa8 26. Qxd5+ 1-0

[Event "AUTO-INT-1283"]
[Site "http://www.queenalice.com/game.php?id=576716"]
[Date "2009.4.24"]
[Round "1"]
[White "jazz28"]
[Black "pepe41"]
[Result "0-1"]
[WhiteElo "1702"]
[BlackElo "1417"]

1. e4 e5 2. Nf3 Nc6 3. Nc3 Nf6 4. Bc4 Bc5 5. Ng5 O-O 6. Nd5 Nxd5 7. Bxd5 Qxg5 8.
O-O d6 9. d3 Qg6 10. Kh1 Be6 11. Bxe6 fxe6 12. c3 Rxf2 13. Rxf2 Bxf2 14. b4 Rf8
15. Bb2 Be3 16. Qb3 Rf2 17. Bc1 Qxg2# 0-1

[Event "AUTO-INT-1283"]
[Site "http://www.queenalice.com/game.php?id=576731"]
[Date "2009.4.24"]
[Round "1"]
[White "rpdemo"]
[Black "jazz28"]
[Result "0-1"]
[WhiteElo "1484"]
[BlackElo "1683"]

1. e4 c5 2. d3 e6 3. Be3 Nc6 4. d4 cxd4 5. Bxd4 Nf6 6. Bxf6 Qxf6 7. Nf3 Bc5 8.
Be2 Qxb2 9. Nbd2 Nd4 10. O-O Nxc2 11. Qb1 Qc3 12. Rc1 Qxa1 13. Qxc2 Qf6 14. Qxc5
b6 15. Qb5 O-O 16. e5 Qg6 17. Nh4 Qg5 18. Ndf3 Qxc1+ 19. Bf1 d5 20. Nd4 a5 21.
Nb3 Qb1 22. Nf3 Ba6 23. Nfd2 Qd1 24. Qxb6 Bxf1 25. Nxf1 Rab8 26. Qxa5 Rfc8 27.
g3 Ra8 28. Qb6 Rxa2 29. Kg2 g5 30. Nbd2 Rxd2 31. Ne3 Qe1 32. Ng4 Qe4+ 33. Kh3
Qe1 34. Nf6+ Kh8 35. Ng4 Qf1# 0-1

[Event "AUTO-INT-1283"]
[Site "http://www.queenalice.com/game.php?id=576732"]
[Date "2009.4.24"]
[Round "1"]
[White "jazz28"]
[Black "rpdemo"]
[Result "0-1"]
[WhiteElo "1650"]
[BlackElo "1486"]

1. e4 e5 2. Nf3 Bd6 3. Bc4 Nh6 4. d3 Ng4 5. Ng5 O-O 6. Qxg4 Qf6 7. Qh4 h6 8. Nf3
Qxh4 9. Nxh4 Bc5 10. Nc3 c6 11. Be3 d6 12. Bxc5 dxc5 13. Na4 b5 14. Bxf7+ Rxf7
15. Nxc5 Na6 16. Nxa6 Bxa6 17. Nf5 Raf8 18. O-O-O Bc8 19. g4 Rf6 20. h4 Bxf5 21.
gxf5 g6 22. d4 gxf5 23. dxe5 Re6 24. Rd7 fxe4 25. Rg1+ Kh8 26. Rgg7 Rxf2 27.
Rxa7 e3 28. Rgd7 Rg2 29. Kd1 e2+ 30. Ke1 Rxe5 31. Rd6 Rf5 32. Rd8+ Rg8 33. Rxg8+
Kxg8 34. Kxe2 Rh5 35. Ra6 c5 36. c4 b4 37. a4 Rxh4 38. b3 Re4+ 39. Kf3 Rh4 40.
Rc6 Rh3+ 41. Kg4 Rxb3 42. Rxc5 Rb1 43. a5 b3 44. Rc8+ Kf7 45. a6 b2 46. Rb8 Rg1+
47. Kh5 b1=Q 48. Rxb1 Rxb1 49. Kxh6 Kf6 50. Kh5 Kf5 51. Kh6 Ra1 52. Kg7 Rxa6 53.
Kf7 Re6 54. c5 Rc6 55. Ke7 Ke5 56. Kd7 Kd5 57. Ke7 Rxc5 58. Kd7 Rc1 59. Ke7 Ra1
60. Kd7 Ra7+ 61. Kc8 Kd6 62. Kb8 Rh7 0-1

[Event "AUTO-INT-1283"]
[Site "http://www.queenalice.com/game.php?id=576741"]
[Date "2009.4.24"]
[Round "1"]
[White "gremioimortal"]
[Black "jazz28"]
[Result "1-0"]
[WhiteElo "1460"]
[BlackElo "1730"]

1. e4 c5 2. Bc4 e6 3. Nf3 Nc6 4. O-O Be7 5. Na3 d6 6. c3 Nf6 7. Qa4 Bd7 8. Qb5
b6 9. d3 Nd4 10. Qa6 Nxf3+ 11. gxf3 d5 12. exd5 exd5 13. Bb3 Bd6 14. Re1+ Be6
15. Ba4+ Kf8 16. Bg5 Qb8 17. Nb5 Bxh2+ 18. Kg2 Nh5 19. Rh1 h6 20. Rxh2 hxg5 21.
Rah1 Nf4+ 22. Kf1 Rxh2 23. Rxh2 Nxd3 24. Rh8+ Ke7 25. Rxb8 Rxb8 26. Qxa7+ Bd7
27. Qxb8 Nxb2 28. Qd6+ Ke8 29. Nc7+ 1-0

[Event "AUTO-INT-1283"]
[Site "http://www.queenalice.com/game.php?id=576742"]
[Date "2009.4.24"]
[Round "1"]
[White "jazz28"]
[Black "gremioimortal"]
[Result "1-0"]
[WhiteElo "1704"]
[BlackElo "1460"]

1. e4 e5 2. Nf3 d6 3. Nc3 c6 4. d4 Na6 5. d5 c5 6. Bxa6 bxa6 7. O-O Bg4 8. Qd3
Qa5 9. Bd2 Rb8 10. a3 Rxb2 11. Nd1 Qb6 12. Nxb2 Qxb2 13. Rfb1 c4 14. Qxc4 Qb6
15. Rxb6 axb6 16. Qc6+ Ke7 17. Qc7+ Ke8 18. Rb1 b5 19. Ba5 Be7 20. c4 Bd8 21.
Qxd8# 1-0

[Event "AUTO-ADV-1308"]
[Site "http://www.queenalice.com/game.php?id=579505"]
[Date "2009.4.28"]
[Round "1"]
[White "lfcpol"]
[Black "jazz28"]
[Result "1-0"]
[WhiteElo "1957"]
[BlackElo "1578"]

1. e4 c5 2. Nf3 e6 3. d4 cxd4 4. Nxd4 Nf6 5. Nc3 Nc6 6. Ndb5 Be7 7. Nd6+ Bxd6 8.
Qxd6 Qe7 9. Bf4 O-O 10. Qxe7 Nxe7 11. Bd6 Re8 12. O-O-O Ng4 13. Rd2 b6 14. Nb5
Bb7 15. Nc7 Bxe4 16. f3 Bxc2 17. Rxc2 Ne3 18. Nxa8 1-0

[Event "AUTO-ADV-1308"]
[Site "http://www.queenalice.com/game.php?id=579506"]
[Date "2009.4.28"]
[Round "1"]
[White "jazz28"]
[Black "lfcpol"]
[Result "0-1"]
[WhiteElo "1477"]
[BlackElo "1958"]

1. e4 e6 2. d4 d5 3. Nc3 Bb4 4. exd5 exd5 5. Nf3 Bg4 6. Be2 Ne7 7. O-O O-O 8.
Bf4 c6 9. Ne5 Bxe2 10. Qxe2 Nd7 11. Qg4 Nxe5 12. dxe5 Ng6 13. Bg5 Nxe5 14. Qg3
f6 15. Bh6 Qd7 0-1